[Event "Spring TNM"]
[Site "San Francisco"]
[Date "2006.05.02"]
[Round "6"]
[White "Barrera, Jorge"]
[Black "Samatra, Mario"]
[Result "1/2-1/2"]
[WhiteElo "1409"]
[BlackElo "1914"]
[PlyCount "73"]
[EventDate "2006.03.28"]
[EventType "swiss"]
[EventRounds "8"]
[EventCountry "USA"]

1. e4 c5 2. Nf3 Nc6 3. d4 cxd4 4. Nxd4 g6 5. c3 Bg7 6. Bc4 Nf6 7. Nxc6 bxc6 8.
e5 Ng8 9. f4 d5 10. Bd3 Nh6 11. h3 Bf5 12. g4 Bxd3 13. Qxd3 e6 14. Be3 O-O 15.
Nd2 Qc7 16. Nf3 c5 17. O-O a5 18. a4 Rfb8 19. Rfb1 Rb3 20. Nd2 Rb7 21. b3 Rab8
22. Rb2 c4 23. Qc2 Bf8 24. Rab1 Bc5 25. Kf2 Bxe3+ 26. Kxe3 Qc5+ 27. Ke2 Kg7 28.
Nf3 cxb3 29. Qd3 Qc4 30. Nd4 Qxa4 31. Kd2 Qc4 32. Qg3 a4 33. Qh4 a3 34. Rxb3
Rxb3 35. Rxb3 Rxb3 36. Qf6+ Kf8 37. Qd8+ 1/2-1/2

[Event "Spring TNM"]
[Site "San Francisco"]
[Date "2006.05.02"]
[Round "6"]
[White "Carcar, Alex"]
[Black "Bayaraa, Bekhtur"]
[Result "1/2-1/2"]
[WhiteElo "1304"]
[BlackElo "1596"]
[PlyCount "48"]
[EventDate "2006.03.28"]
[EventType "swiss"]
[EventRounds "8"]
[EventCountry "USA"]

1. e4 c5 2. Nf3 d6 3. d4 cxd4 4. Nxd4 Nf6 5. Nc3 g6 6. Bc4 Bg7 7. O-O O-O 8.
Bb3 Nc6 9. Be3 Ne5 10. h3 Bd7 11. f4 Nc6 12. a3 Rc8 13. Qe2 Nxe4 14. Nxc6 Nxc3
15. Nxe7+ Qxe7 16. bxc3 Rxc3 17. Rae1 Rxe3 18. Qxe3 Qxe3+ 19. Rxe3 Bd4 20. Rfe1
Re8 21. Kf2 Bc6 22. g3 Kg7 23. Bc4 a6 24. Bd3 h6 1/2-1/2

[Event "Spring TNM"]
[Site "San Francisco"]
[Date "2006.05.02"]
[Round "6"]
[White "Chalissery, Jossy"]
[Black "Capdeville, Barry"]
[Result "1-0"]
[WhiteElo "1689"]
[BlackElo "1211"]
[PlyCount "63"]
[EventDate "2006.03.28"]
[EventType "swiss"]
[EventRounds "8"]
[EventCountry "USA"]

1. Nf3 Nf6 2. g3 g6 3. Bg2 d5 4. O-O Bg7 5. d3 Nc6 6. Nbd2 O-O 7. b3 Ng4 8. Rb1
Nf6 9. Bb2 Re8 10. e4 dxe4 11. dxe4 e5 12. Qe2 Bg4 13. h3 Bxf3 14. Nxf3 Nd4 15.
Nxd4 exd4 16. Rfd1 c5 17. c3 Qb6 18. cxd4 cxd4 19. Bxd4 Qe6 20. f3 Rad8 21. Bf2
Nd5 22. Qc4 Nc3 23. Qxe6 fxe6 24. Rxd8 Rxd8 25. Rb2 Nxe4 26. Rc2 Nxf2 27. Kxf2
Bd4+ 28. Ke2 b5 29. f4 Re8 30. Rd2 e5 31. Bc6 exf4+ 32. Bxe8 1-0

[Event "Spring TNM"]
[Site "San Francisco"]
[Date "2006.05.02"]
[Round "6"]
[White "Cheng, Andrew"]
[Black "Dupree, Charles"]
[Result "0-1"]
[WhiteElo "1237"]
[BlackElo "1721"]
[PlyCount "46"]
[EventDate "2006.03.28"]
[EventType "swiss"]
[EventRounds "8"]
[EventCountry "USA"]

1. e4 c5 2. Nf3 e6 3. c4 Nc6 4. Nc3 a6 5. Be2 Qc7 6. d3 Nf6 7. h3 Be7 8. Be3
O-O 9. Qd2 Rb8 10. g4 Kh8 11. g5 Ng8 12. h4 b5 13. b3 bxc4 14. dxc4 Bb7 15. h5
Rbd8 16. O-O-O Nb4 17. Rdg1 d5 18. exd5 exd5 19. cxd5 Nxd5 20. Nxd5 Bxd5 21.
Qc2 Qc6 22. Rh3 c4 23. bxc4 Ba3+ 0-1

[Event "Spring TNM"]
[Site "San Francisco"]
[Date "2006.05.02"]
[Round "6"]
[White "Faulkner, Charles"]
[Black "Starr, Albert"]
[Result "1-0"]
[WhiteElo "1849"]
[BlackElo "1516"]
[PlyCount "47"]
[EventDate "2006.03.28"]
[EventType "swiss"]
[EventRounds "8"]
[EventCountry "USA"]

1. d4 f5 2. c4 g6 3. Nc3 Bg7 4. g3 Nf6 5. Bg2 O-O 6. Nh3 c6 7. O-O d5 8. cxd5
Nxd5 9. Nf4 Nxc3 10. bxc3 e5 11. Qb3+ Kh8 12. dxe5 Bxe5 13. Rd1 Qf6 14. Bb2 Na6
15. Nd3 Be6 16. Qc2 Kg8 17. Nxe5 Qxe5 18. c4 Qc7 19. Qc3 Kf7 20. Qf6+ Ke8 21.
Qxe6+ Qe7 22. Bxc6+ bxc6 23. Qxc6+ Kf7 24. Rd7 1-0

[Event "Spring TNM"]
[Site "San Francisco"]
[Date "2006.05.02"]
[Round "6"]
[White "Frank, Robert"]
[Black "Braden, Brian"]
[Result "1-0"]
[WhiteElo "1235"]
[BlackElo "1134"]
[PlyCount "85"]
[EventDate "2006.03.28"]
[EventType "swiss"]
[EventRounds "8"]
[EventCountry "USA"]

1. d4 d5 2. Nf3 e6 3. e3 Nf6 4. Bd3 c5 5. c3 Nc6 6. dxc5 Bxc5 7. O-O O-O 8. b4
Bb6 9. b5 Nb8 10. Nbd2 Nbd7 11. e4 Qc7 12. Qc2 dxe4 13. Nxe4 Nxe4 14. Bxe4 Nf6
15. Bd3 Bd7 16. Bg5 h6 17. Bxf6 gxf6 18. c4 e5 19. Rac1 Be6 20. c5 Ba5 21. a4
f5 22. Bxf5 Qc8 23. Bxe6 Qxe6 24. Qe4 Qe7 25. Qxe5 Rfe8 26. Qxe7 Rxe7 27. h4
Re4 28. Ra1 Rc8 29. Rfc1 Bb4 30. c6 bxc6 31. bxc6 Re6 32. Rc4 Ba5 33. Rac1 Bc7
34. Nd4 Re5 35. f3 Rce8 36. Kf1 Rd8 37. Nb5 Bb6 38. Nc3 Re7 39. Rd1 Rc8 40. Nd5
Re6 41. Rdc1 Bc7 42. Re1 Rd6 43. Ne7+ 1-0

[Event "Spring TNM"]
[Site "San Francisco"]
[Date "2006.05.02"]
[Round "6"]
[White "Gray, William"]
[Black "Ladyzhensky, Boris"]
[Result "1-0"]
[WhiteElo "2022"]
[BlackElo "1733"]
[PlyCount "63"]
[EventDate "2006.03.28"]
[EventType "swiss"]
[EventRounds "8"]
[EventCountry "USA"]

1. e4 c5 2. Nf3 d6 3. Nc3 g6 4. d4 cxd4 5. Qxd4 Nf6 6. e5 dxe5 7. Qxd8+ Kxd8 8.
Nxe5 Be6 9. Bg5 Bg7 10. O-O-O+ Kc8 11. Bb5 h6 12. Bh4 g5 13. Bg3 Nh5 14. Rhe1
Nxg3 15. hxg3 Rd8 16. Rxd8+ Kxd8 17. Ba4 Kc7 18. Nxf7 Bxf7 19. Rxe7+ Kd6 20.
Rxf7 Bxc3 21. bxc3 Na6 22. Rxb7 Nc5 23. Rb4 a6 24. Rd4+ Ke5 25. Bc6 Rc8 26.
Rd5+ Ke6 27. Rxc5 Kd6 28. Rc4 Rxc6 29. Rxc6+ Kxc6 30. Kd2 Kd5 31. Kd3 a5 32. f4
1-0

[Event "Spring TNM"]
[Site "San Francisco"]
[Date "2006.05.02"]
[Round "6"]
[White "Grey, Peter"]
[Black "Nochomovitz, Yigal"]
[Result "1-0"]
[WhiteElo "2000"]
[BlackElo "1826"]
[PlyCount "116"]
[EventDate "2006.03.28"]
[EventType "swiss"]
[EventRounds "8"]
[EventCountry "USA"]

1. e4 e6 2. d4 d5 3. e5 c5 4. c3 Bd7 5. Nf3 Nc6 6. Be2 Nge7 7. Na3 Ng6 8. Nc2
Be7 9. O-O O-O 10. Re1 Rc8 11. Bf1 Qc7 12. Bd3 cxd4 13. cxd4 Be8 14. Bg5 Bxg5
15. Nxg5 h6 16. Bxg6 hxg5 17. Bd3 f5 18. Qd2 Qb6 19. Be2 f4 20. Bg4 Na5 21. b3
Bg6 22. Rac1 Bf5 23. Bxf5 Rxf5 24. Qb4 Qxb4 25. Nxb4 Rff8 26. f3 Kh7 27. Kf2
Kg6 28. h3 Kf5 29. Ke2 Nc6 30. Nxc6 bxc6 31. Rc5 Rf7 32. Rec1 Rfc7 33. R1c3 Kg6
34. b4 a6 35. a4 Kf7 36. b5 axb5 37. axb5 Rb7 38. Rxc6 Rxc6 39. bxc6 Rc7 40.
Kf2 Kg6 41. g3 Kf5 42. Kg2 Kg6 43. Rc2 Kh5 44. Kh2 Kg6 45. gxf4 gxf4 46. h4 Kh5
47. Kh3 g5 48. hxg5 Kxg5 49. Kg2 Kf5 50. Kf2 Kg5 51. Ke1 Kh4 52. Rg2 Rxc6 53.
Rg4+ Kh3 54. Rxf4 Kg3 55. Rf6 Rc3 56. Rxe6 Kxf3 57. Kd2 Re3 58. Rd6 Re2+ 1-0

[Event "Spring TNM"]
[Site "San Francisco"]
[Date "2006.05.02"]
[Round "6"]
[White "Hilliard, Michael"]
[Black "Standen, Julian"]
[Result "0-1"]
[WhiteElo "1413"]
[BlackElo "1707"]
[PlyCount "58"]
[EventDate "2006.03.28"]
[EventType "swiss"]
[EventRounds "8"]
[EventCountry "USA"]

1. d4 d5 2. Nf3 Nf6 3. e3 a6 4. Bd3 Bg4 5. c4 Bxf3 6. gxf3 c6 7. Qb3 Ra7 8. Nc3
e6 9. Bd2 Be7 10. cxd5 cxd5 11. Qa4+ Nbd7 12. Nb5 Ra8 13. Nc3 O-O 14. Rg1 g6
15. Ke2 e5 16. dxe5 Nxe5 17. Qd4 Nxd3 18. Kxd3 Rc8 19. b3 Bc5 20. Qf4 Nh5 21.
Qe5 Nf6 22. Ne2 Re8 23. Qf4 Nh5 24. Qh6 Ng7 25. Rg4 Nf5 26. Qf4 Kf8 27. Nd4
Bxd4 28. exd4 Qd7 29. Qg5 Qb5# 0-1

[Event "Spring TNM"]
[Site "San Francisco"]
[Date "2006.05.02"]
[Round "6"]
[White "Litowsky, Dan"]
[Black "Sanguinetti, George"]
[Result "1-0"]
[WhiteElo "1700"]
[BlackElo "1959"]
[PlyCount "141"]
[EventDate "2006.03.28"]
[EventType "swiss"]
[EventRounds "8"]
[EventCountry "USA"]

1. e4 c5 2. Nc3 g6 3. Bc4 a6 4. a3 Nc6 5. d3 d6 6. h3 Bd7 7. Nf3 e6 8. Bf4 Qe7
9. Qd2 h5 10. O-O-O e5 11. Bg5 f6 12. Nd5 Qd8 13. Be3 b5 14. Ba2 Nd4 15. Kb1 h4
16. c3 Nxf3 17. gxf3 g5 18. Qc2 Rc8 19. Qb3 Nh6 20. c4 Rh7 21. cxb5 Bxb5 22. a4
Bc6 23. a5 Bxd5 24. Qxd5 Rb8 25. Qc6+ Rd7 26. Bd2 Qc7 27. Bd5 Nf7 28. Qxa6 Nd8
29. Bc3 Be7 30. Kc2 Kf8 31. Ra1 Qa7 32. Qxa7 Rxa7 33. Ra2 Ke8 34. Rha1 Kd7 35.
a6 Rb6 36. Bc4 Nc6 37. Ra3 Bd8 38. Rb3 Rxb3 39. Kxb3 Bb6 40. Bb5 Kc7 41. Kc4
Ne7 42. Ra2 Ra8 43. b4 Nc6 44. bxc5 dxc5 45. Kd5 Na7 46. Bc4 Rd8+ 47. Ke6 Rd6+
48. Kf5 Nc6 49. Bd5 Ne7+ 50. Kg4 Nxd5 51. exd5 Ba7 52. Ba5+ Kd7 53. Bc3 Rxd5
54. Rb2 Kc6 55. Rb7 Rd7 56. Rxd7 Kxd7 57. Kf5 Ke7 58. Ba5 Kf7 59. Bd8 e4 60.
fxe4 c4 61. dxc4 Bxf2 62. Bc7 Ba7 63. e5 fxe5 64. Bxe5 Ke7 65. Kxg5 Kd7 66.
Kxh4 Kc6 67. Kg4 Kc5 68. h4 Kxc4 69. h5 Kd5 70. Kf5 Be3 71. h6 1-0

[Event "Spring TNM"]
[Site "San Francisco"]
[Date "2006.05.02"]
[Round "6"]
[White "Lupton, Stephen"]
[Black "Allen, Tom"]
[Result "0-1"]
[WhiteElo "1349"]
[BlackElo "1463"]
[PlyCount "62"]
[EventDate "2006.03.28"]
[EventType "swiss"]
[EventRounds "8"]
[EventCountry "USA"]

1. e4 e5 2. Bc4 Nf6 3. d3 c6 4. Nf3 d5 5. Bb3 Bb4+ 6. Bd2 Bxd2+ 7. Nbxd2 Qc7 8.
O-O O-O 9. Re1 Re8 10. h3 Be6 11. Ng5 Nbd7 12. Nxe6 fxe6 13. Re3 Nf8 14. Rg3
Ng6 15. Nf3 Nf4 16. Qe1 N6h5 17. Rg5 Rf8 18. Rxe5 Qf7 19. exd5 exd5 20. Re7 Qg6
21. Nh4 Nxh3+ 22. Kh2 Qd6+ 23. Kxh3 Nf4+ 24. Kg4 h5+ 25. Kf3 Nxd3+ 26. Ke3 Nxe1
27. Rxg7+ Kxg7 28. Rxe1 Qf4+ 29. Ke2 Rae8+ 30. Kd1 Qd4+ 31. Kc1 Rxe1# 0-1

[Event "Spring TNM"]
[Site "San Francisco"]
[Date "2006.05.02"]
[Round "6"]
[White "Mar, Henry"]
[Black "Bacelar, Erickson"]
[Result "0-1"]
[WhiteElo "1537"]
[BlackElo "1752"]
[PlyCount "72"]
[EventDate "2006.03.28"]
[EventType "swiss"]
[EventRounds "8"]
[EventCountry "USA"]

1. e4 e6 2. d4 d5 3. e5 c5 4. c3 Nc6 5. Nf3 f6 6. Bb5 Qb6 7. Qa4 Bd7 8. O-O
Nxe5 9. Bxd7+ Nxd7 10. Re1 Rd8 11. Na3 Kf7 12. Re2 Nh6 13. Bxh6 gxh6 14. Rae1
c4 15. Rxe6 Qxb2 16. Qa5 Bxa3 17. Qxd5 Kg7 18. Qf5 Rhf8 19. Qg4+ Kh8 20. Qh5
Qc2 21. Re8 Qg6 22. Rxf8+ Bxf8 23. Qd5 Qg8 24. Qxb7 Nb6 25. Qxa7 Nd5 26. Qa5
Bd6 27. a3 Ra8 28. Qb5 Nxc3 29. Qc6 Qd5 30. Re8+ Rxe8 31. Qxe8+ Kg7 32. Qd7+
Kg8 33. Nh4 Bf8 34. Qg4+ Kf7 35. Nf5 Ke8 36. Qf4 Ne2+ 0-1

[Event "Spring TNM"]
[Site "San Francisco"]
[Date "2006.05.02"]
[Round "6"]
[White "Parker, Frank"]
[Black "Chan, John"]
[Result "0-1"]
[WhiteElo "1846"]
[BlackElo "1693"]
[PlyCount "121"]
[EventDate "2006.03.28"]
[EventType "swiss"]
[EventRounds "8"]
[EventCountry "USA"]

1. d4 Nf6 2. Nf3 c6 3. c4 e6 4. e3 d5 5. Bd3 Be7 6. O-O O-O 7. Nc3 Nbd7 8. a3
Qc7 9. Qc2 g6 10. e4 dxc4 11. Bxc4 b5 12. Bd3 Qb7 13. e5 Nd5 14. Bh6 Re8 15.
Rac1 a6 16. Ne4 Nb8 17. Nc5 Bxc5 18. Qxc5 Qe7 19. Qc2 Bb7 20. Rfe1 Nd7 21. Bg5
Qf8 22. Qd2 Rec8 23. Bh6 Qd8 24. g3 c5 25. Be4 c4 26. Ng5 Rc7 27. Bxd5 Bxd5 28.
Qf4 Qe7 29. Ne4 Bxe4 30. Qxe4 Rac8 31. Qe3 Nb6 32. Bg5 Qe8 33. Qc3 Nd5 34. Qa5
Qc6 35. Qd2 Qd7 36. Re4 c3 37. bxc3 Rxc3 38. Rxc3 Rxc3 39. Qb2 Qc6 40. Re2 Qc4
41. Rd2 Rc1+ 42. Kg2 Qf1+ 43. Kf3 Rc3+ 44. Kg4 h5+ 45. Kh4 Qg2 46. h3 Qf3 47.
Re2 Rxa3 48. Rc2 Rc3 49. Rxc3 Qxc3 50. Qxc3 Nxc3 51. g4 hxg4 52. Kxg4 b4 53.
Kf3 b3 54. Bc1 Na4 55. Ke3 b2 56. Bxb2 Nxb2 57. Kd2 Kf8 58. Kc3 Nd1+ 59. Kb4
Nxf2 60. h4 Ke7 61. Ka5 0-1

[Event "Spring TNM"]
[Site "San Francisco"]
[Date "2006.05.02"]
[Round "6"]
[White "Purcell, Brendan"]
[Black "Margulis, Igor"]
[Result "1-0"]
[WhiteElo "1891"]
[BlackElo "2227"]
[PlyCount "49"]
[EventDate "2006.03.28"]
[EventType "swiss"]
[EventRounds "8"]
[EventCountry "USA"]

1. e4 g6 2. d4 Bg7 3. Nc3 d6 4. f4 Nd7 5. Nf3 a6 6. Be3 b5 7. Bd3 Bb7 8. Qd2
Nb6 9. O-O-O e6 10. Rhf1 Qd7 11. f5 O-O-O 12. Ng5 exf5 13. exf5 Nf6 14. Kb1
Rde8 15. Rde1 h6 16. fxg6 fxg6 17. Bxg6 Nc4 18. Qd3 Rxe3 19. Rxe3 Nxe3 20. Qxe3
Qc6 21. Ne6 Ne8 22. Be4 Qd7 23. Bxb7+ Kxb7 24. Rf7 Qc8 25. Nxg7 1-0

[Event "Spring TNM"]
[Site "San Francisco"]
[Date "2006.05.02"]
[Round "6"]
[White "Regan, Jack"]
[Black "Olsen, Lance"]
[Result "0-1"]
[WhiteElo "1550"]
[BlackElo "903"]
[PlyCount "56"]
[EventDate "2006.03.28"]
[EventType "swiss"]
[EventRounds "8"]
[EventCountry "USA"]

1. Nf3 Nf6 2. c4 c5 3. Nc3 g6 4. g3 Bg7 5. Rb1 Nc6 6. a3 b6 7. Bg2 d5 8. cxd5
Nxd5 9. O-O Bf5 10. Qa4 Bxb1 11. Qxc6+ Kf8 12. Qxd5 Qxd5 13. Nxd5 Rd8 14. Nc3
Bf5 15. Nh4 Be6 16. Bc6 Rd6 17. Bb5 Bh3 18. Rd1 f6 19. f3 g5 20. Ng2 f5 21. d3
Rg6 22. Kf2 e5 23. e4 f4 24. g4 h5 25. Bd7 hxg4 26. Bxg4 Bxg4 27. fxg4 Rxh2 28.
Rh1 Rxh1 0-1

[Event "Spring TNM"]
[Site "San Francisco"]
[Date "2006.05.02"]
[Round "6"]
[White "Regan, Neil"]
[Black "Chernobilskiy, Mikhail"]
[Result "0-1"]
[WhiteElo "1900"]
[BlackElo "1763"]
[PlyCount "74"]
[EventDate "2006.03.28"]
[EventType "swiss"]
[EventRounds "8"]
[EventCountry "USA"]

1. e4 c5 2. Nc3 d6 3. f4 Nc6 4. Bc4 Nf6 5. Nf3 Bg4 6. e5 d5 7. Be2 d4 8. exf6
dxc3 9. bxc3 exf6 10. O-O Bd6 11. d3 O-O 12. Nh4 Bxe2 13. Qxe2 Qd7 14. Qh5 Rfe8
15. Bd2 Bf8 16. Rab1 Rab8 17. Qf5 Qd6 18. Qh3 Re2 19. Rf2 Rxf2 20. Kxf2 b5 21.
Nf5 Qd5 22. Rxb5 Qxa2 23. Rxb8 Nxb8 24. Qg4 a5 25. c4 Kh8 26. Nxg7 Qxc2 27. Ke2
Nc6 28. Nh5 Nd4+ 29. Ke3 Nb3 30. Nxf6 Qxd2+ 31. Ke4 Qe1+ 32. Kd5 Qe6+ 33. Qxe6
fxe6+ 34. Kxe6 Bg7 35. Ne4 a4 36. f5 a3 37. f6 Bxf6 0-1

[Event "Spring TNM"]
[Site "San Francisco"]
[Date "2006.05.02"]
[Round "6"]
[White "Rich, Albert"]
[Black "Shankland, Sam"]
[Result "1-0"]
[WhiteElo "2262"]
[BlackElo "2106"]
[PlyCount "61"]
[EventDate "2006.03.28"]
[EventType "swiss"]
[EventRounds "8"]
[EventCountry "USA"]

1. d4 d5 2. Nf3 Nf6 3. c4 e6 4. e3 Nbd7 5. Nc3 c6 6. Qc2 Bd6 7. g4 Nxg4 8. Rg1
Nxh2 9. Nxh2 Bxh2 10. Rxg7 Nf8 11. Rg2 Bd6 12. e4 Bb4 13. Bg5 f6 14. Be3 Bd7
15. Be2 Qe7 16. a3 Bxc3+ 17. bxc3 dxc4 18. Bxc4 O-O-O 19. Qa4 Kb8 20. Rb1 c5
21. Qa5 Bc8 22. Bf4+ e5 23. dxe5 Ka8 24. Bd5 Ng6 25. exf6 Qxf6 26. Qc7 Qxc3+
27. Bd2 Rd7 28. Bxc3 Rxc7 29. Bxh8 Nxh8 30. Rg8 Ng6 31. Bxb7+ 1-0

[Event "Spring TNM"]
[Site "San Francisco"]
[Date "2006.05.02"]
[Round "6"]
[White "Russell, Joe"]
[Black "Wilkerson, Max"]
[Result "1/2-1/2"]
[WhiteElo "1529"]
[BlackElo "1900"]
[PlyCount "33"]
[EventDate "2006.03.28"]
[EventType "swiss"]
[EventRounds "8"]
[EventCountry "USA"]

1. e4 c5 2. Nf3 d6 3. d4 cxd4 4. Nxd4 Nf6 5. Nc3 a6 6. Be2 g6 7. O-O Bg7 8. Be3
O-O 9. Kh1 Qc7 10. Nd5 Nxd5 11. exd5 Nd7 12. c4 Nf6 13. Rc1 Bd7 14. b4 Rac8 15.
Re1 Qd8 16. Bf3 h5 17. h3 1/2-1/2

[Event "Spring TNM"]
[Site "San Francisco"]
[Date "2006.05.02"]
[Round "6"]
[White "Salvo, Tab"]
[Black "Traub, Igor"]
[Result "0-1"]
[WhiteElo "1736"]
[BlackElo "2076"]
[PlyCount "94"]
[EventDate "2006.03.28"]
[EventType "swiss"]
[EventRounds "8"]
[EventCountry "USA"]

1. Nf3 d5 2. c4 Nf6 3. b3 e6 4. g3 Bc5 5. Bb2 Ne4 6. e3 O-O 7. Bg2 Nc6 8. O-O
dxc4 9. bxc4 Qd3 10. Qb3 Nb4 11. Ne1 Qxb3 12. axb3 Nf6 13. d4 Be7 14. Nc3 a6
15. e4 c5 16. d5 exd5 17. cxd5 Ng4 18. h3 Ne5 19. Rd1 c4 20. bxc4 Nxc4 21. Bc1
Bd7 22. Nf3 Bf6 23. Ne2 Rfe8 24. Nd2 Bb5 25. f4 Ne3 26. Bf3 Nxd1 27. Rxd1 Bxe2
28. Bxe2 Nxd5 29. e5 Nc3 30. Re1 Nxe2+ 31. Rxe2 b5 32. Ne4 Be7 33. Be3 Red8 34.
Kg2 Rd5 35. Rc2 b4 36. Rc7 Bf8 37. Rb7 a5 38. Bc1 a4 39. Bb2 a3 40. Bxa3 bxa3
41. Nc3 Rd3 42. Rc7 Rxc3 43. Rxc3 a2 44. Rc1 a1=Q 45. Rxa1 Rxa1 46. Kf3 f5 47.
g4 g6 0-1

[Event "Spring TNM"]
[Site "San Francisco"]
[Date "2006.05.02"]
[Round "6"]
[White "Sherwood, Peter"]
[Black "Dunham, Tom"]
[Result "1-0"]
[WhiteElo "1755"]
[BlackElo "1363"]
[PlyCount "107"]
[EventDate "2006.03.28"]
[EventType "swiss"]
[EventRounds "8"]
[EventCountry "USA"]

1. e4 c5 2. Nf3 d6 3. d4 cxd4 4. Nxd4 Nf6 5. Nc3 a6 6. f4 e6 7. Qf3 Qb6 8. Nb3
Qc7 9. g4 b5 10. Bd3 Bb7 11. g5 Nfd7 12. Be3 Nc5 13. Nxc5 dxc5 14. O-O Nd7 15.
Nd1 c4 16. Be2 Nc5 17. Nf2 Be7 18. Qg2 O-O 19. Bf3 Rad8 20. Kh1 f5 21. e5 Bxf3
22. Qxf3 Qb7 23. Qxb7 Nxb7 24. Rad1 Rxd1 25. Rxd1 Rd8 26. Kg2 Kf7 27. Rxd8 Nxd8
28. Nd1 Ke8 29. Nc3 Kd7 30. Bb6 Nb7 31. Kf3 Kc6 32. Ba7 a5 33. Ne2 Kd5 34. Nc3+
Kc6 35. h4 b4 36. Ne2 Kd5 37. Ng3 a4 38. Nf1 Bc5 39. Bxc5 Nxc5 40. Ng3 g6 41.
Ke3 Nd7 42. Ne2 Kc5 43. Nd4 Kd5 44. Nb5 Nf8 45. Nc7+ Kc5 46. Ne8 Kd5 47. Nf6+
Kc5 48. h5 gxh5 49. Nxh5 Ng6 50. Nf6 Nf8 51. Nxh7 Ng6 52. Nf6 Kc6 53. Ne8 Kd7
54. Nd6 1-0

[Event "Spring TNM"]
[Site "San Francisco"]
[Date "2006.05.02"]
[Round "6"]
[White "Snyder, Larry"]
[Black "Wong, Russell"]
[Result "1/2-1/2"]
[WhiteElo "2045"]
[BlackElo "2200"]
[PlyCount "74"]
[EventDate "2006.03.28"]
[EventType "swiss"]
[EventRounds "8"]
[EventCountry "USA"]

1. e4 Nf6 2. e5 Nd5 3. d4 d6 4. c4 Nb6 5. exd6 exd6 6. Nc3 Be7 7. h3 O-O 8. Bd3
Re8 9. Nge2 Bf6 10. O-O Nc6 11. b3 d5 12. c5 Nd7 13. Nxd5 Nxc5 14. Nxf6+ Qxf6
15. Bb5 Nd7 16. Ba3 a6 17. Bc4 Nb6 18. Re1 Be6 19. Rc1 Rad8 20. Bxe6 Rxe6 21.
Qc2 Rde8 22. Kf1 Nd5 23. Qd2 Re4 24. Ng3 Rxe1+ 25. Rxe1 Rxe1+ 26. Qxe1 h6 27.
Qe8+ Kh7 28. Qe4+ Qg6 29. Bb2 Qxe4 30. Nxe4 b6 31. a3 Kg6 32. g3 Kf5 33. Nd2
Ke6 34. Ke2 Nde7 35. d5+ Kxd5 36. Bxg7 Nf5 37. Bf6 Ncd4+ 1/2-1/2

[Event "Spring TNM"]
[Site "San Francisco"]
[Date "2006.05.02"]
[Round "6"]
[White "Thornally, Frank"]
[Black "Penoyer, Flyn"]
[Result "1-0"]
[WhiteElo "2200"]
[BlackElo "1800"]
[PlyCount "47"]
[EventDate "2006.03.28"]
[EventType "swiss"]
[EventRounds "8"]
[EventCountry "USA"]

1. Nf3 Nf6 2. d4 d5 3. c4 c6 4. e3 Bf5 5. Qb3 Qb6 6. Nc3 Qxb3 7. axb3 e6 8. c5
h6 9. b4 a6 10. b5 Be7 11. Ne5 Nfd7 12. Nxd7 Kxd7 13. f3 cxb5 14. e4 dxe4 15.
fxe4 Bg6 16. Bxb5+ Nc6 17. Ba4 Rae8 18. Bf4 f5 19. O-O-O fxe4 20. Rhe1 Rhf8 21.
g3 Bh5 22. d5 Bxd1 23. dxc6+ Kc8 24. Rxd1 1-0

[Event "Spring TNM"]
[Site "San Francisco"]
[Date "2006.05.02"]
[Round "6"]
[White "Todortsev, Victor"]
[Black "Jones, Ian"]
[Result "0-1"]
[WhiteElo "1961"]
[BlackElo "1808"]
[PlyCount "98"]
[EventDate "2006.03.28"]
[EventType "swiss"]
[EventRounds "8"]
[EventCountry "USA"]

1. Nf3 Nf6 2. c4 e6 3. Nc3 d5 4. e3 Be7 5. d4 O-O 6. Ne5 c5 7. Bd3 Nc6 8. O-O
dxc4 9. Nxc6 bxc6 10. Bxc4 cxd4 11. exd4 Qb6 12. b3 Rd8 13. Be3 Nd5 14. Nxd5
cxd5 15. Bd3 Ba6 16. Bxa6 Qxa6 17. Qd2 Rdc8 18. f4 f5 19. Rac1 Ba3 20. Rxc8+
Rxc8 21. g4 g6 22. gxf5 exf5 23. Qg2 Qe6 24. Re1 Qe4 25. Bf2 Rc1 26. Qxe4 fxe4
27. Kg2 Rc2 28. Kg3 Rxa2 29. Rb1 Rb2 30. Rxb2 Bxb2 31. f5 Bc1 32. fxg6 hxg6 33.
Be1 Kf7 34. Bb4 Ke6 35. Kg4 a6 36. Bc5 Bd2 37. h3 Kf6 38. Bb6 Ke6 39. Bc5 Kd7
40. h4 Kc6 41. Be7 Kb5 42. Bd6 a5 43. Be7 a4 44. bxa4+ Kxa4 45. h5 gxh5+ 46.
Kxh5 Kb3 47. Kg4 Kc4 48. Kf5 Bc3 49. Bg5 Kxd4 0-1

[Event "Spring TNM"]
[Site "San Francisco"]
[Date "2006.05.02"]
[Round "6"]
[White "Tuvshintugs, Batchimeg"]
[Black "Shaknazarov, Oleg"]
[Result "1/2-1/2"]
[WhiteElo "2271"]
[BlackElo "2177"]
[PlyCount "109"]
[EventDate "2006.03.28"]
[EventType "swiss"]
[EventRounds "8"]
[EventCountry "USA"]

1. e4 e6 2. d4 Be7 3. Nc3 d6 4. f4 h6 5. Nf3 g5 6. h3 gxf4 7. Bxf4 Nd7 8. Qd2
Nf8 9. O-O-O Ng6 10. Be3 Bd7 11. Be2 c6 12. Rhf1 Qa5 13. d5 cxd5 14. exd5 e5
15. Nh2 Rh7 16. Kb1 a6 17. Bd3 O-O-O 18. Qf2 Re8 19. Bb6 Qb4 20. a3 Qh4 21. Qe2
Bd8 22. Bxd8 Qxd8 23. Bxa6 Nf4 24. Qc4+ Qc7 25. Nb5 Bxb5 26. Qxc7+ Kxc7 27.
Bxb5 Rf8 28. Rf2 Ne7 29. Rfd2 f5 30. Bf1 Nfg6 31. g4 fxg4 32. Nxg4 Rhf7 33. Be2
h5 34. Ne3 Nf4 35. Bf1 Nfxd5 36. Nxd5+ Nxd5 37. Bc4 Ne3 38. Bxf7 Nxd1 39. Bxh5
Ne3 40. Re2 Nf1 41. Bg4 e4 42. c4 Rf4 43. Kc2 e3 44. Kd3 b5 45. b3 bxc4+ 46.
bxc4 Kc6 47. Be6 Rd4+ 48. Kc3 Rd1 49. Bd5+ Kc5 50. Bg2 Nd2 51. Rxe3 Nxc4 52.
Re8 Rc1+ 53. Kb3 Rb1+ 54. Kc3 Rc1+ 55. Kb3 1/2-1/2

[Event "Spring TNM"]
[Site "San Francisco"]
[Date "2006.05.02"]
[Round "6"]
[White "Whalley, Martin"]
[Black "Naroditsky, Alan"]
[Result "1-0"]
[WhiteElo "1818"]
[BlackElo "1658"]
[PlyCount "139"]
[EventDate "2006.03.28"]
[EventType "swiss"]
[EventRounds "8"]
[EventCountry "USA"]

1. d4 Nf6 2. Nc3 d5 3. Bg5 e6 4. e4 dxe4 5. Bxf6 Qxf6 6. Nxe4 Qd8 7. Nf3 Bd6 8.
Qd2 O-O 9. Bd3 Nc6 10. O-O b6 11. c3 Bb7 12. Rad1 Ne7 13. Qg5 Nd5 14. Nxd6 cxd6
15. Qg3 Nf6 16. Rfe1 Rc8 17. Ng5 h6 18. Ne4 Nxe4 19. Bxe4 Ba6 20. f4 Qf6 21.
Rd2 Rfe8 22. Rf2 Rc7 23. Qf3 Rce7 24. Bc6 Rc8 25. a4 e5 26. fxe5 Qxf3 27. Bxf3
dxe5 28. Rxe5 Rxe5 29. dxe5 Re8 30. Bd5 Re7 31. c4 Bc8 32. Re2 Bg4 33. Re3 Kf8
34. Kf2 Be6 35. Ke2 Ke8 36. Kd3 Rd7 37. Ke4 Re7 38. Kd4 Rd7 39. b4 a6 40. b5 a5
41. Ke4 Ke7 42. Rc3 Rc7 43. Bc6 Bd7 44. Kd5 Be6+ 45. Kd4 Bd7 46. Bd5 Rc5 47.
Rg3 Kf8 48. Rf3 Be8 49. h4 Ke7 50. g4 Rc7 51. g5 hxg5 52. hxg5 Kd8 53. Rh3 Ke7
54. Rh7 Kf8 55. Rh8+ Ke7 56. Rg8 g6 57. Rh8 Rc5 58. Rh4 Bd7 59. Rf4 Bf5 60. Ke3
Rc8 61. Bc6 Ke6 62. Kd4 Rc7 63. c5 bxc5+ 64. Kxc5 Kxe5 65. Rf2 f6 66. gxf6 Kxf6
67. Kb6 Rc8 68. Kxa5 Ke5 69. Kb6 g5 70. a5 1-0

[Event "Spring TNM"]
[Site "San Francisco"]
[Date "2006.05.09"]
[Round "7"]
[White "Allen, Tom"]
[Black "Hoo, Jonathan Soo"]
[Result "0-1"]
[WhiteElo "1463"]
[BlackElo "1824"]
[PlyCount "56"]
[EventDate "2006.03.28"]
[EventType "swiss"]
[EventRounds "8"]
[EventCountry "USA"]

1. e4 c5 2. d4 cxd4 3. c3 Nf6 4. e5 Nd5 5. Qxd4 e6 6. Nf3 Nc6 7. Qe4 f5 8. exf6
Nxf6 9. Qc2 Be7 10. Bd3 Qc7 11. Nbd2 d5 12. Nb3 e5 13. Bb5 O-O 14. Bxc6 bxc6
15. Bg5 Ne4 16. Bxe7 Qxe7 17. O-O-O Bg4 18. Rd3 Nd6 19. Re1 Bf5 20. Rxe5 Qf7
21. Ng5 Qg6 22. Rxf5 Rxf5 23. h4 h6 24. Nh3 Qxg2 25. Nd4 Rf7 26. Nxc6 Ne4 27.
Rxd5 Nxf2 28. Rd2 Qf1+ {W time expired} 0-1